000 00495 a2200181 4500
003 OSt
005 20260305122015.0
008 231201b |||||||| |||| 00| 0 eng d
020 _a9789353904098
040 _coclc
082 _a894.8123
_bTHO/P
100 1 _aTōmas, Vinōy,
_d1975-
_99968
245 _aPuttu /
_cVinoy Thomas
250 _a6th ed.
260 _aKottayam:
_bD C Books,
_c2022.
300 _a382p.
942 _2ddc
_cBK
_h894.8123
_iTHO/P
_k894.8123
_mTHO/P
999 _c43908
_d43908